[Event "TUR Cup"]
[Site "Denizli"]
[Date "2023.07.21"]
[Round "8"]
[White "Kilic, Nurullah"]
[Black "Yogunali, Mete"]
[Result "1-0"]
[WhiteElo "1667"]
[BlackElo "1623"]
[PlyCount "59"]
[EventDate "2023.07.16"]
[EventType "team-tourn"]
[EventRounds "9"]
[EventCountry "TUR"]
[SourceTitle "CBM 215 Extra"]
[Source "ChessBase"]
[SourceDate "2023.09.30"]
[SourceVersion "1"]
[SourceVersionDate "2023.09.30"]
[SourceQuality "1"]

1. e4 c5 2. Nf3 e6 3. d4 cxd4 4. Nxd4 Nf6 5. Nc3 Nc6 6. Be2 Bb4 7. 0-0 Bxc3 8. bxc3 Nxe4 9. Nxc6 bxc6 10. Qd4 d5 11. f3 Nf6 12. Ba3 Nd7 13. Qxg7 Qf6 14. Qg3 Qxc3 15. Bd6 Qf6 16. f4 Qg6 17. Qc3 Rg8 18. Rf2 c5 19. Re1 c4 20. f5 Qg7 21. fxe6 fxe6 22. Bh5+ Kd8 23. Qa5+ Nb6 24. Be5 Qb7 25. Bf6+ Kc7 26. Bf7 Rg4 27. Bxe6 Bxe6 28. Rxe6 Re4 29. Qc5+ Kb8 30. Rxe4 1-0

[Event "TUR Cup"]
[Site "Denizli"]
[Date "2023.07.19"]
[Round "5"]
[White "Yogunali, Mete"]
[Black "Akin, Tolga"]
[Result "1/2-1/2"]
[WhiteElo "1623"]
[BlackElo "1654"]
[PlyCount "63"]
[EventDate "2023.07.16"]
[EventType "team-tourn"]
[EventRounds "9"]
[EventCountry "TUR"]
[SourceTitle "CBM 215 Extra"]
[Source "ChessBase"]
[SourceDate "2023.09.30"]
[SourceVersion "1"]
[SourceVersionDate "2023.09.30"]
[SourceQuality "1"]

1. d4 Nf6 2. Bf4 d6 3. Nf3 Nbd7 4. e3 g6 5. Bc4 Nb6 6. Bd3 Bg7 7. Nbd2 0-0 8. h3 c5 9. c3 Re8 10. Bh2 e5 11. Bb5 Bd7 12. Bxd7 Nfxd7 13. dxe5 d5 14. 0-0 Nxe5 15. Nxe5 Bxe5 16. Bxe5 Rxe5 17. Nf3 Re6 18. b3 Rd6 19. Qd2 Qe7 20. Rfd1 Nd7 21. Qc2 Nf6 22. Rd3 Rad8 23. Rad1 b6 24. Qd2 Ne4 25. Qc2 Nf6 26. Qd2 R6d7 27. Qc2 Qe6 28. R3d2 h6 29. a4 Kh7 30. b4 Ne4 31. Rd3 Nf6 32. Qd2 1/2-1/2

[Event "TUR Cup										"]
[Site "Antalya"]
[Date "2018.02.02"]
[Round "10"]
[White "Sahin, Huseyin"]
[Black "Yogunali, Mete"]
[Result "1/2-1/2"]
[WhiteElo "1823"]
[BlackElo "1740"]
[PlyCount "132"]
[EventDate "2018.01.27"]
[EventType "swiss"]
[EventRounds "11"]
[EventCountry "TUR"]
[SourceTitle "CBM 182 Extra"]
[Source "ChessBase"]
[SourceDate "2018.02.23"]
[SourceVersion "1"]
[SourceVersionDate "2018.02.23"]
[SourceQuality "1"]

1. d4 Nf6 2. c4 e6 3. Nf3 b6 4. Nc3 Bb7 5. Bg5 Be7 6. e3 0-0 7. Bd3 c5 8. 0-0 d5 9. Bxf6 Bxf6 10. cxd5 exd5 11. Rc1 c4 12. Bb1 Nc6 13. Ne5 Bxe5 14. dxe5 Nxe5 15. Bxh7+ Kxh7 16. Qh5+ Kg8 17. Qxe5 Re8 18. Qd4 Qg5 19. a4 Qe5 20. Rfd1 Rad8 21. Rd2 Qxd4 22. Rxd4 f5 23. Rcd1 g6 24. g3 Kf7 25. Nxd5 Bxd5 26. Rxd5 Rxd5 27. Rxd5 Ke6 28. Rb5 Kd6 29. f3 Rxe3 30. Kf2 Re7 31. f4 Kc6 32. Kf3 a6 33. Re5 Rxe5 34. fxe5 b5 35. g4 Kd5 36. gxf5 gxf5 37. Kf4 Ke6 38. h4 b4 39. h5 c3 40. bxc3 bxc3 41. Ke3 Kxe5 42. Kd3 c2 43. Kxc2 Kf6 44. Kd3 Kg5 45. Ke3 Kxh5 46. Kf4 Kg6 47. a5 Kf6 48. Kf3 Ke5 49. Ke3 f4+ 50. Kf3 Kf5 51. Kf2 Ke4 52. Ke2 Kd4 53. Kf3 Ke5 54. Kf2 Ke4 55. Ke2 f3+ 56. Kf2 Kf4 57. Kf1 Ke3 58. Ke1 Kd3 59. Kf2 Ke4 60. Kf1 Kd4 61. Kf2 Ke4 62. Kf1 Kd4 63. Kf2 Ke4 64. Kf1 Ke3 65. Ke1 f2+ 66. Kf1 Kf3 1/2-1/2

[Event "TUR Cup										"]
[Site "Antalya"]
[Date "2018.01.31"]
[Round "7"]
[White "Yogunali, Mete"]
[Black "Oz, Mesut"]
[Result "1/2-1/2"]
[WhiteElo "1740"]
[BlackElo "1444"]
[PlyCount "88"]
[EventDate "2018.01.27"]
[EventType "swiss"]
[EventRounds "11"]
[EventCountry "TUR"]
[SourceTitle "CBM 182 Extra"]
[Source "ChessBase"]
[SourceDate "2018.02.23"]
[SourceVersion "1"]
[SourceVersionDate "2018.02.23"]
[SourceQuality "1"]

1. d4 Nf6 2. Nf3 e6 3. Bf4 d5 4. e3 c5 5. c4 Nc6 6. Nc3 a6 7. cxd5 Nxd5 8. Nxd5 Qxd5 9. dxc5 Qxc5 10. Bd3 Qa5+ 11. Nd2 e5 12. Bg3 Bb4 13. a3 Bxd2+ 14. Qxd2 Qxd2+ 15. Kxd2 0-0 16. b4 Be6 17. Rac1 Bd5 18. f3 Rfd8 19. Ke2 Be6 20. Be4 Bd5 21. Bb1 f6 22. Rhd1 Bb3 23. Bc2 Bxc2 24. Rxc2 Rxd1 25. Kxd1 Rd8+ 26. Ke2 Kf7 27. Bf2 Ke6 28. e4 Rd7 29. Bb6 Rd6 30. Rd2 Nb8 31. Bc5 Rxd2+ 32. Kxd2 Nd7 33. Be3 h5 34. g3 b5 35. Kd3 f5 36. f4 fxe4+ 37. Kxe4 Nf6+ 38. Kd3 Ng4 39. Bg1 exf4 40. gxf4 Kd5 41. h3 Nh6 42. Bf2 g6 43. Bc5 a5 44. Bf8 Nf5 1/2-1/2

[Event "TUR Cup										"]
[Site "Antalya"]
[Date "2018.01.27"]
[Round "1"]
[White "Yogunali, Mete"]
[Black "Karadeniz, Ali Emre"]
[Result "0-1"]
[WhiteElo "1740"]
[BlackElo "2288"]
[PlyCount "116"]
[EventDate "2018.01.27"]
[EventType "swiss"]
[EventRounds "11"]
[EventCountry "TUR"]
[SourceTitle "CBM 182 Extra"]
[Source "ChessBase"]
[SourceDate "2018.02.23"]
[SourceVersion "1"]
[SourceVersionDate "2018.02.23"]
[SourceQuality "1"]

1. d4 d5 2. c4 e6 3. Nc3 a6 4. cxd5 exd5 5. Bf4 c6 6. e3 Bd6 7. Bxd6 Qxd6 8. Nf3 Ne7 9. h3 0-0 10. Bd3 Bf5 11. 0-0 Nd7 12. Nh4 Bxd3 13. Qxd3 Rfe8 14. Nf5 Nxf5 15. Qxf5 Re6 16. Rad1 Rae8 17. Rfe1 Nf6 18. Re2 g6 19. Qd3 Nh5 20. Rde1 Qe7 21. g3 f5 22. Kh2 b5 23. a3 a5 24. Qc2 Kg7 25. Kg2 Kg8 26. Kh2 Nf6 27. Kg2 h5 28. Kh2 Kg7 29. Qd3 h4 30. gxh4 b4 31. axb4 axb4 32. Na4 Re4 33. Rg1 Kf7 34. Nc5 Rxh4 35. Rg3 Nh5 36. Rf3 Nf4 37. exf4 Qxe2 38. Qxe2 Rxe2 39. Kg3 Rh8 40. Rb3 Rb8 41. Nd7 Rb5 42. Ne5+ Kf6 43. Nd7+ Kg7 44. Nc5 Re7 45. Kf3 Kf6 46. Kg3 Kg7 47. Kf3 Kh6 48. Kg3 Kh5 49. Rd3 Re2 50. Rb3 Rd2 51. Ne6 Rb8 52. Kf3 Kh6 53. Ke3 Rc2 54. Nc5 Re8+ 55. Kf3 Rc4 56. Rd3 Re4 57. Nb3 Rc2 58. Nd2 Rxb2 0-1

[Event "TUR-chT2"]
[Site "Konya"]
[Date "2017.07.12"]
[Round "5.11"]
[White "Celik, Abdullah"]
[Black "Yogunali, Mete"]
[Result "0-1"]
[WhiteElo "1758"]
[BlackElo "1732"]
[PlyCount "89"]
[EventDate "2017.07.09"]
[EventType "team-swiss"]
[EventRounds "9"]
[EventCountry "TUR"]
[SourceTitle "CBM 179 Extra"]
[Source "ChessBase"]
[SourceDate "2017.08.23"]
[SourceVersion "1"]
[SourceVersionDate "2017.08.23"]
[SourceQuality "1"]
[WhiteTeam "Yildiz"]
[BlackTeam "Genclik Giresun"]
[WhiteTeamCountry "TUR"]
[BlackTeamCountry "TUR"]

1. d4 Nf6 2. Bg5 e6 3. e4 Be7 4. Nc3 Nxe4 5. Bxe7 Nxc3 6. Bxd8 Nxd1 7. Bxc7 Nxb2 8. Bd6 Nc6 9. Rb1 Na4 10. Bd3 Nc3 11. Rb3 Nd5 12. Nf3 Nde7 13. 0-0 0-0 14. d5 Nxd5 15. Bxh7+ Kxh7 16. Bxf8 b6 17. Bd6 Na5 18. Ng5+ Kg8 19. Rf3 f6 20. Ne4 Nc4 21. Bf4 Bb7 22. Nd6 Nxf4 23. Nxb7 Ne2+ 24. Kh1 Nd2 25. Re1 Nxf3 26. Rxe2 Ne5 27. Nd6 Nf7 28. Nb5 a6 29. Nd4 Rc8 30. g3 Rc4 31. Rd2 Ne5 32. Kg2 Nc6 33. Ne2 d5 34. c3 Na7 35. Rb2 Nb5 36. h4 e5 37. Kf3 f5 38. Ke3 Nxc3 39. Rxb6 Nxe2 40. Kxe2 Rc2+ 41. Ke3 Rxa2 42. Rb8+ Kh7 43. Re8 e4 44. Kd4 Rd2+ 45. Kc5 0-1

[Event "TUR-chT2"]
[Site "Konya"]
[Date "2017.07.10"]
[Round "2.15"]
[White "Turuskan, Sezer"]
[Black "Yogunali, Mete"]
[Result "1/2-1/2"]
[WhiteElo "1626"]
[BlackElo "1732"]
[PlyCount "65"]
[EventDate "2017.07.09"]
[EventType "team-swiss"]
[EventRounds "9"]
[EventCountry "TUR"]
[SourceTitle "CBM 179 Extra"]
[Source "ChessBase"]
[SourceDate "2017.08.23"]
[SourceVersion "1"]
[SourceVersionDate "2017.08.23"]
[SourceQuality "1"]
[WhiteTeam "Hamle Adana"]
[BlackTeam "Genclik Giresun"]
[WhiteTeamCountry "TUR"]
[BlackTeamCountry "TUR"]

1. d4 Nf6 2. Bf4 e6 3. e3 b6 4. Nf3 Bb7 5. Nbd2 Be7 6. h3 0-0 7. Be2 c5 8. c3 d5 9. 0-0 c4 10. a4 Nc6 11. b3 cxb3 12. Qxb3 Na5 13. Qb2 Rc8 14. Rfc1 Bd6 15. Bxd6 Qxd6 16. Ne5 Nd7 17. Nxd7 Qxd7 18. Bb5 Bc6 19. Qb4 Rc7 20. Bf1 Rfc8 21. Ra2 h6 22. Ba6 Bb7 23. Bxb7 Rxb7 24. c4 dxc4 25. Nxc4 Nxc4 26. Rxc4 Rxc4 27. Qxc4 Rc7 28. Qf1 Qc8 29. Ra1 Rc4 30. Qd1 Rc2 31. Qd3 Qc3 32. Qxc3 Rxc3 33. Ra2 1/2-1/2